|
|
|
|
| LEADER |
00000cam a2200000 7i4500 |
| 001 |
0000031944 |
| 005 |
20151222.0 |
| 008 |
120423 |
| 020 |
|
|
|a 1840442131
|
| 090 |
0 |
0 |
|a SC
|b ENG
|
| 100 |
1 |
|
|a Jackson, Tom
|
| 245 |
1 |
0 |
|a Light and colour
|c Tom Jackson
|
| 250 |
|
|
|a Volume 6
|
| 260 |
|
|
|b Brown Reference Group ,
|c 2006
|
| 440 |
|
0 |
|a Science experiments ; great science projects
|
| 500 |
|
|
|a Children ages 10-12 years old (pink)
|
| 650 |
|
0 |
|a Colour
|x experiments
|x juvenile literature
|
| 650 |
|
0 |
|a Light
|x experiments
|x juvenile literature
|
| 650 |
|
0 |
|a Science
|x experiments
|x juvenile literature
|
| 999 |
|
|
|a 0001043122
|b Book
|c Children Collection
|e Cawangan Tangkak
|
| 999 |
|
|
|a 0001055495
|b Book
|c Children Collection
|e Perbadanan Perpustakaan Awam Johor
|
| 999 |
|
|
|a 0001055496
|b Book
|c Children Collection
|e Perbadanan Perpustakaan Awam Johor
|